000 00469nam a2200157 i 4500
001 78964
003 ES-MaACL
005 20230906173850.0
007 t|
008 041018s1927 gw ||||1| ger d
100 1 _aHeller, Hermann.
_962441
245 1 4 _aDie Souveränität
_b: ein Beitrag zur theorie des Staats- und Völkerrechts /
_cvon Hermann Heller.
260 _aBerlin :
_bWalter de Gruyter,
_c1927.
300 _a177 p. ;
_c24 cm.
852 _aES-MaACL
_jA-1915
999 _c78964
_d78964